|
|
|
|
| LEADER |
01333nam a2200373 a 4500 |
| 001 |
EBC475871 |
| 003 |
MiAaPQ |
| 005 |
20200520144314.0 |
| 006 |
m o d | |
| 007 |
cr cn||||||||| |
| 008 |
080122s2008 njua sb 001 0 eng d |
| 010 |
|
|
|z 2008921431
|
| 015 |
|
|
|a GBA848102
|2 bnb
|
| 016 |
7 |
|
|z 014566962
|2 Uk
|
| 020 |
|
|
|z 9780691127439 (hbk.)
|
| 020 |
|
|
|z 0691127433 (hbk.)
|
| 035 |
|
|
|a (MiAaPQ)EBC475871
|
| 035 |
|
|
|a (Au-PeEL)EBL475871
|
| 035 |
|
|
|a (CaPaEBR)ebr10364723
|
| 035 |
|
|
|a (CaONFJC)MIL245840
|
| 035 |
|
|
|a (OCoLC)609870208
|
| 040 |
|
|
|a MiAaPQ
|c MiAaPQ
|d MiAaPQ
|
| 050 |
|
4 |
|a HG4551
|b .V58 2008
|
| 082 |
0 |
4 |
|a 332.642
|2 22
|
| 100 |
1 |
|
|a Vives, Xavier.
|
| 245 |
1 |
0 |
|a Information and learning in markets
|h [electronic resource] :
|b the impact of market microstructure /
|c Xavier Vives.
|
| 260 |
|
|
|a Princeton :
|b Princeton University Press,
|c c2008.
|
| 300 |
|
|
|a xii, 406 p. :
|b ill.
|
| 504 |
|
|
|a Includes bibliographical references and index.
|
| 533 |
|
|
|a Electronic reproduction. Ann Arbor, MI : ProQuest, 2016. Available via World Wide Web. Access may be limited to ProQuest affiliated libraries.
|
| 650 |
|
0 |
|a Stock exchanges.
|
| 655 |
|
4 |
|a Electronic books.
|
| 710 |
2 |
|
|a ProQuest (Firm)
|
| 856 |
4 |
0 |
|u https://ebookcentral.proquest.com/lib/matrademy/detail.action?docID=475871
|z Click to View
|